[Event "15th Deltalift Open 2018"]
[Site "Halmstad"]
[Date "2018.05.12"]
[Round "7"]
[White "Cramling, Pia"]
[Black "Bellon Lopez, Juan Manuel"]
[Result "1/2-1/2"]
[WhiteElo "2448"]
[BlackElo "2344"]
[Annotator "TA"]
[PlyCount "21"]
[EventDate "2018.??.??"]
[EventType "swiss"]
[EventCountry "SWE"]
[SourceTitle "playchess.com"]
[Source "ChessBase"]
[SourceQuality "1"]

{[%evp 20,21,22,0]} 1. d4 d5 2. c4 c6 3. Nf3 Nf6 4. Nc3 dxc4 5. a4 Bf5 $146 ({Predecessor:} 5... e6 6. e4 Bb4 7. Qc2 b5 8. Be2 Bb7 9. Bg5 h6 10. Bh4 c5 11. d5 exd5 12. exd5 O-O 13. axb5 Nbd7 14. O-O Bxc3 15. Qxc3 Nxd5 16. Qxc4 {1-0 (37) Aronian,L (2805)-Duda,J (2717) Riadh 2017}) 6. Nh4 Bc8 7. Nf3 Bf5 8. Nh4 Bc8 9. Nf3 Bf5 10. Nh4 Bc8 11. Nf3 {LiveBook: 13474 Games} 1/2-1/2

[Event "15th Deltalift Open 2018"]
[Site "Halmstad"]
[Date "2018.05.12"]
[Round "7"]
[White "Sjodahl, Pontus"]
[Black "Lindberg, Bengt"]
[Result "1/2-1/2"]
[WhiteElo "2404"]
[BlackElo "2404"]
[Annotator "TA"]
[PlyCount "39"]
[EventDate "2018.??.??"]
[EventType "swiss"]
[EventCountry "SWE"]
[SourceTitle "playchess.com"]
[Source "ChessBase"]
[SourceQuality "1"]

{[%evp 25,39,6,9,-13,-18,-10,8,-3,0,0,0,-8,0,-12,-8,-52]} 1. d4 Nf6 2. c4 e6 3. Nc3 Bb4 4. Qc2 d5 5. cxd5 Qxd5 6. e3 c5 7. Bd2 {[%cal Bc1d2,Bd2c3,Bc3d4][%mdl 32]} Bxc3 8. Bxc3 cxd4 9. Bxd4 Nc6 10. Bc3 O-O {E34: Nimzo-Indian: Classical: 4...d5} 11. Nf3 Rd8 12. Be2 Qc5 (12... Qe4 13. Rc1 Qxc2 14. Rxc2 Nd5 15. Ne5 Bd7 16. Nxc6 Bxc6 17. Bd2 Ne7 18. f3 {½-½ (38) Mamedyarov,S (2804)-Carlsen,M (2834) Wijk aan Zee 2018}) 13. Rc1 Nd5 {LiveBook: 3 Games. The position is equal.} 14. Bd2 Qxc2 15. Rxc2 Ndb4 $146 ({Predecessor:} 15... Bd7 16. a3 f6 17. e4 Nb6 18. O-O {½-½ (51) Badelka,O (2375)-Cramling,P (2472) Stary Smokovec 2018}) 16. Rc4 Nd3+ 17. Bxd3 $1 Rxd3 18. Ke2 Rd8 19. Rhc1 e5 20. Rc5 1/2-1/2

[Event "15th Deltalift Open 2018"]
[Site "Halmstad"]
[Date "2018.05.12"]
[Round "7"]
[White "Akesson, Ralf"]
[Black "Mejvik, Jacob"]
[Result "1-0"]
[WhiteElo "2392"]
[BlackElo "2063"]
[Annotator "TA"]
[PlyCount "93"]
[EventDate "2018.??.??"]
[EventType "swiss"]
[EventCountry "SWE"]
[SourceTitle "playchess.com"]
[Source "ChessBase"]
[SourceQuality "1"]

{[%evp 19,93,60,70,41,95,87,86,88,88,73,96,61,65,61,70,34,54,69,59,52,56,37,67,59,223,215,216,238,225,174,168,161,167,167,241,233,233,227,347,341,387,384,383,394,387,372,494,537,542,540,541,516,531,525,495,511,622,616,760,749,1237,1218,1021,989,29978,29975,29981,29982,29981,29983,29991,29992,29992,29987,29993,29992]} 1. d4 d5 {[%cal Bd7d5,Bd5c4][%mdl 32]} 2. Nf3 Nf6 3. c4 e6 4. g3 dxc4 5. Bg2 a6 6. O-O Nc6 7. e3 Rb8 8. Nfd2 Bd7 {E04: Open Catalan: 5 Nf3} (8... e5 9. Bxc6+ bxc6 10. dxe5 Ng4 11. Nxc4 Be6 12. Nbd2 h5 13. f3 Rb4 14. fxg4 Bxc4 15. Nxc4 Qxd1 16. Rxd1 Rxc4 {1-0 (40) Ding,L (2777)-Mamedyarov,S (2799) Huaian 2017}) 9. Nxc4 Be7 10. Nc3 O-O {LiveBook: 4 Games. White is slightly better.} 11. b3 $146 ({Predecessor:} 11. Qe2 Qc8 12. Rd1 Rd8 13. b3 b5 14. Nd2 {0-1 (60) Narciso Dublan,M (2476)-Jonkman,H (2454) Banyoles 2005}) 11... Ne8 (11... b5 $1 $14 12. Ne5 Nxe5 13. dxe5 b4) 12. Bb2 $16 Nd6 13. Ne5 Nxe5 14. dxe5 Nf5 15. e4 Nh6 16. Qh5 Qe8 17. Rad1 Bc6 18. Ne2 $36 {[%mdl 2048] White has good play.} Bc5 19. Rc1 Qe7 20. Rc2 Kh8 21. Bc1 Ng8 $2 {[#]} (21... Rfe8 $14) 22. Bg5 $18 f6 23. exf6 gxf6 24. Bxf6+ Nxf6 25. Qxc5 Qxc5 26. Rxc5 Rbd8 (26... Rf7 {was worth a try.} 27. Nf4 Bxe4) 27. Nf4 Rfe8 28. e5 Nd5 (28... Bxg2 $142 29. Kxg2 Ng4) 29. Nxd5 exd5 30. f4 Bb5 31. Rd1 c6 32. Kf2 b6 33. Rc2 c5 34. Rxd5 Rxd5 35. Bxd5 {[%mdl 4096] Endgame KRB-KRB} Rd8 36. Bc4 Kg7 37. Ke3 Bxc4 38. bxc4 {KR-KR} Rd4 39. f5 h5 40. Rb2 Rxc4 41. Rxb6 Ra4 42. Rb7+ {White mates.} Kh6 43. e6 {[%cal Be5e6,Be6e7][%mdl 32]} Ra3+ 44. Rb3 Rxa2 45. e7 Ra1 46. Rb2 Ra3+ 47. Ke4 {Precision: White = 65%, Black = 35%.} 1-0

[Event "15th Deltalift Open 2018"]
[Site "Halmstad"]
[Date "2018.05.12"]
[Round "7"]
[White "Arman, Deniz"]
[Black "Hillarp Persson, Tiger"]
[Result "0-1"]
[WhiteElo "2367"]
[BlackElo "2531"]
[Annotator "TA"]
[PlyCount "66"]
[EventDate "2018.??.??"]
[EventType "swiss"]
[EventCountry "SWE"]
[SourceTitle "playchess.com"]
[Source "ChessBase"]
[SourceQuality "1"]

{[%evp 15,66,19,36,10,18,-19,-14,-24,-6,0,0,-16,0,-29,-24,-24,-25,-113,-70,-94,-70,-67,-56,-70,-37,-34,11,7,16,0,0,-211,-216,-213,-201,-217,-227,-214,-192,-529,-515,-984,-953,-1002,-897,-897,-866,-1129,-768,-29990,-29991,-29991,-29991]} 1. e4 c5 2. Nf3 e6 3. d3 Nc6 4. g3 Nf6 5. c4 (5. Bg2 d5 6. Qe2 Be7 7. O-O O-O 8. e5 Nd7 9. c4 b5 10. cxb5 Na5 11. Nc3 a6 12. Bf4 axb5 13. Nxb5 Ba6 14. Nc3 Nc6 15. h4 Qb6 16. b3 Rfe8 17. Rac1 {1-0 (75) Artemiev,V (2697)-Pichot,A (2552) Moscow 2018}) 5... a6 6. Bg2 {B40: Sicilian: 2...e6, Unusual lines} Qc7 7. O-O $146 ({Predecessor:} 7. Nc3 Rb8 8. O-O d6 9. Re1 b5 10. b3 Be7 11. Bf4 b4 12. Na4 {0-1 (27) Liang,X-He,J Xiapu 2005}) 7... d6 8. Nc3 Be7 {LiveBook: 4 Games} 9. a3 Rb8 10. d4 cxd4 11. Nxd4 Ne5 12. b3 b5 13. f4 Ng6 14. e5 dxe5 15. Nc6 exf4 {[#] Strongly threatening ...Bc5+.} (15... Bc5+ {feels hotter.} 16. Kh1 Bd4 17. Bb2 Bb7 18. Nxb8 Bxg2+ 19. Kxg2 Qxb8 20. cxb5 axb5 21. fxe5 Bxe5 22. Kh1 h5) 16. Rxf4 (16. Nxb8 $11 Qxb8 17. Bxf4 Nxf4 18. Rxf4) 16... O-O {Threatens to win with ...Bc5+.} 17. Nxb8 {aiming for Nc6.} Qxb8 18. Rf1 $1 bxc4 19. bxc4 Qe5 20. Qe1 Bc5+ {[%mdl 1024] Black has compensation.} 21. Kh1 Bd4 22. Bd2 Qh5 23. Bf3 $2 (23. Rb1 $1 $11 {and White stays safe.}) 23... Ng4 $19 {[%csl Gg4][%cal Rh5h2] [#]} 24. Qe2 N6e5 25. h4 Nxf3 26. Qxf3 Qg6 27. Ra2 $2 (27. Rae1) 27... Ne5 $1 {[%csl LRc4,LRf3][%cal Bg4e5,Be5g4,Bg4f2][%mdl 32]} 28. Qf4 (28. h5 $142 Nxf3 29. hxg6 fxg6 30. Bf4 Bxc3 31. Bd6) 28... Bb7+ 29. Kh2 Ng4+ 30. Kh3 e5 31. Qg5 Qe6 {( -> ...Nf2+)} 32. Nd5 Nf2+ 33. Kg2 Bxd5+ {Precision: White = 25%, Black = 68%.} 0-1

[Event "15th Deltalift Open 2018"]
[Site "Halmstad"]
[Date "2018.05.12"]
[Round "7"]
[White "Rydstrom, Tom"]
[Black "Ask, Josef"]
[Result "1-0"]
[WhiteElo "2324"]
[BlackElo "2135"]
[Annotator "TA"]
[PlyCount "87"]
[EventDate "2018.??.??"]
[EventType "swiss"]
[EventCountry "SWE"]
[SourceTitle "playchess.com"]
[Source "ChessBase"]
[SourceQuality "1"]

{[%evp 18,87,1,-8,44,-9,-9,-6,-8,-8,-6,-6,-6,-35,-33,-68,-36,-41,-2,-16,0,0,0,0,207,189,207,177,325,268,293,188,191,198,194,185,176,193,191,208,199,170,220,165,151,75,91,84,126,63,171,214,537,568,528,566,518,469,574,506,537,312,410,0,520,483,409,0,466,428,2469,2395]} 1. e4 e6 2. d4 d5 3. Nc3 Bb4 4. e5 c5 5. a3 Bxc3+ 6. bxc3 Qa5 7. Bd2 Qa4 8. Qg4 Kf8 9. Nf3 Ne7 10. Be2 {LiveBook: 15 Games. C18: French: 3 Nc3 Bb4: Main line: 7 h4 and 7 Qg4} (10. Bd3 h6 11. O-O b6 12. h3 Nd7 13. Be3 c4 14. Be2 Qxc2 15. Rfc1 Qxe2 {0-1 (15) Wei,Y (2739)-Ivanchuk,V (2729) Medias 2017}) 10... Nd7 $146 (10... b6 $11) ({Predecessor:} 10... Qxc2 11. O-O h6 12. Bd1 Qf5 13. Qg3 c4 14. Rc1 Nbc6 15. h3 Qh7 16. Bc2 Qg8 17. Rb1 Na5 18. a4 {½-½ (18) Szabo,K (2498)-Medvegy,Z (2539) Hungary 2018}) 11. Qf4 (11. Rb1 $14) 11... h6 $11 12. O-O {The position is equal.} b6 13. h4 Ba6 14. Bxa6 Qxa6 15. h5 Qa4 16. Nh4 {[#] Threatens to win with Ng6+.} Ke8 17. Rac1 Rc8 18. Qg4 Rg8 {And now ...Nxe5! would win.} 19. f4 $1 cxd4 20. f5 Qc6 $2 (20... Nxe5 $11 21. Qf4 Nc4 22. fxe6 fxe6) 21. cxd4 $18 a5 22. Rf3 exf5 (22... Nf8 $142 23. c3 exf5 24. Nxf5 Nxf5) 23. Nxf5 Nxf5 24. Rc3 (24. Rxf5 g5 $16) 24... Qb7 {Strongly threatening ...Rxc3.} 25. Rxc8+ ({Don't play} 25. Qxf5 $6 Rxc3 26. Qh7 (26. Bxc3 Nf8 $14) 26... Kf8 $14) 25... Qxc8 26. Qxf5 Qc4 {[#]} 27. c3 $1 Qe2 28. Rf1 Kd8 29. Bf4 ({Don't go for} 29. Qxf7 $2 Rf8 $19) 29... Rf8 30. Bg3 $40 {[%mdl 128] White is out for blood.} g6 31. Qf4 (31. Qb1 $142) 31... g5 $16 32. Qf5 Qe3+ 33. Kh2 (33. Bf2 $16 Qe4 34. Qh3) 33... Qxc3 ({Better is} 33... Qe4 $1 $14) 34. Qh7 $1 $18 {[%csl LRf7,LRh6]} Qc6 $2 (34... Qxd4 {is tougher.} 35. Qxh6 (35. Rxf7 Qg4 $16) 35... Qg4) 35. Rxf7 Re8 36. Rg7 Nf8 37. Qd3 Qc4 38. Qf5 {aiming for Qf6+.} Qc6 39. Rg8 Ke7 40. Rg7+ Kd8 41. Rf7 Nd7 42. Rg7 {Hoping for Rg6.} Nf8 $1 43. Qf7 Qd7 (43... a4 $142 44. Bf2 b5) 44. Qf6+ {Precision: White = 53%, Black = 41%.} 1-0

[Event "15th Deltalift Open 2018"]
[Site "Halmstad"]
[Date "2018.05.12"]
[Round "7"]
[White "Lindh, Fredrik"]
[Black "Andersson, Lars"]
[Result "1-0"]
[WhiteElo "2296"]
[BlackElo "2028"]
[Annotator "TA"]
[PlyCount "65"]
[EventDate "2018.??.??"]
[EventType "swiss"]
[EventCountry "SWE"]
[SourceTitle "playchess.com"]
[Source "ChessBase"]
[SourceQuality "1"]

{[%evp 17,65,2,22,0,17,0,0,0,0,0,0,0,0,0,0,4,60,53,50,71,53,72,71,70,78,39,85,66,66,71,203,225,420,401,350,322,341,227,343,328,363,341,413,381,621,418,619,621,830,825]} 1. e4 c6 2. d4 d5 3. e5 c5 4. c4 (4. dxc5 e6 5. Nf3 Bxc5 6. Bd3 Ne7 7. O-O Ng6 8. a3 O-O 9. Nbd2 Nc6 10. b4 Bb6 11. Bb2 Nf4 12. Nb3 a5 13. Qd2 Nxd3 14. cxd3 {½-½ (38) Vitiugov,N (2735)-Anand,V (2776) Karlsruhe/Baden-Baden 2018}) 4... cxd4 5. Nf3 e6 6. Nxd4 {B12: Caro-Kann: Advance Variation} Nc6 7. Nc3 Bb4 8. Nxc6 bxc6 9. Qa4 Rb8 {LiveBook: 5 Games} 10. a3 Ba5 $146 ({Predecessor:} 10... Bxc3+ 11. bxc3 Qc7 {1-0 (31) Edouard,R (2446)-Houska,J (2384) La Roche sur Yon 2007}) 11. b4 Bc7 $1 12. cxd5 {[#] Threatens to win with d6.} Bxe5 13. Bb2 ({But not} 13. Qxc6+ $2 Bd7 $19) 13... Ne7 14. dxc6 O-O 15. Rd1 Qc7 16. Be2 $36 {[%mdl 2048] White is more active.} Nxc6 (16... Qxc6 $11 17. Qxc6 Nxc6) 17. Nb5 $14 Rxb5 18. Bxb5 Bxb2 19. Bxc6 Bc3+ 20. Kf1 {[%cal Be1f1,Bf1g2,Bg2g3][%mdl 32]} e5 21. h3 Bf5 22. g4 Be6 23. Kg2 Rc8 (23... Bd4 $16 {was worth a try.}) 24. Bd7 $18 Bd4 $2 (24... Qb7+ 25. f3 Rf8) 25. Bxc8 Qxc8 26. Rc1 Qa8+ 27. Kg3 h5 (27... g6 $142) 28. Qc6 ({Don't go for} 28. gxh5 $2 Qe4 $19) 28... h4+ 29. Kh2 (29. Kxh4 {leads to mate.} Bxf2+ 30. Kh5 g6+ 31. Kg5 Qd8+ 32. Kh6 Qh4#) 29... Qxc6 30. Rxc6 Bd5 $2 (30... Bxf2 31. Rd6 Bb6) 31. Rc8+ Kh7 32. Rd1 Bf3 {[#]} 33. Rxd4 $1 {Precision: White = 61%, Black = 35%.} 1-0

[Event "15th Deltalift Open 2018"]
[Site "Halmstad"]
[Date "2018.05.12"]
[Round "7"]
[White "Kucuksari, Kaan"]
[Black "Subramanian, Aditya"]
[Result "1-0"]
[WhiteElo "2264"]
[BlackElo "2123"]
[Annotator "TA"]
[PlyCount "76"]
[EventDate "2018.??.??"]
[EventType "swiss"]
[EventCountry "SWE"]
[SourceTitle "playchess.com"]
[Source "ChessBase"]
[SourceQuality "1"]

{[%evp 26,76,0,-6,0,-7,0,-3,0,0,14,-10,-3,-29,0,-35,0,0,0,0,70,43,75,49,84,29,21,14,19,-12,-11,-11,-12,-12,26,47,77,76,102,57,47,52,75,70,220,106,122,0,265,261,467,517,500]} 1. d4 Nf6 2. Nf3 d5 3. c4 e6 4. g3 Be7 5. Bg2 O-O 6. O-O dxc4 7. Qa4 a6 8. Qxc4 b5 9. Qc2 Bb7 10. Bd2 Be4 11. Qc1 c6 {E05: Open Catalan: 5 Nf3 Be7} 12. Rd1 Nbd7 13. Nc3 Bg6 14. a3 {LiveBook: 7 Games} (14. Bg5 Rc8 15. a3 a5 16. h4 h6 17. Bxf6 Bxf6 18. Qe3 Qb6 19. Ne4 {½-½ (28) Kramnik,V (2787)-So,W (2792) Wijk aan Zee 2018}) 14... Rc8 15. b4 Nd5 {[%cal Bf6d5,Bd5b6,Bb6c4][%mdl 32]} 16. Be1 h6 $146 ({Predecessor:} 16... Bf6 17. e3 Qe7 18. Ra2 e5 19. dxe5 Nxe5 20. Nxe5 Qxe5 {1-0 (40) Grigorian,S (2352)-Reuker,J (2325) Germany 2018}) 17. Qb2 N5b6 18. e4 Nc4 19. Qa2 Bh5 20. Rdc1 Nf6 21. Nd2 Qxd4 {aiming for ...Ne5.} 22. Nxc4 bxc4 (22... Qxc4 $11 23. Qxc4 bxc4) 23. Na4 $1 $14 Nd7 24. Rxc4 Qd3 25. Qc2 (25. Bf1 $16 Qd6 26. f4) 25... Ne5 $11 26. Qxd3 Nxd3 27. Bf1 Ne5 28. Rc2 Nf3+ 29. Kg2 Nd4 30. Rc3 Bf6 31. Ra2 Rfd8 32. Bxa6 Ra8 33. Nc5 Nb5 34. Rc1 Bd4 {[#]} ({Black should play} 34... Be7 $14) 35. Nb7 (35. a4 $1 $18 {[%cal Ra4b5] and the rest is easy.} Nd6 36. f3) 35... Rdc8 $16 36. Nc5 (36. Bxb5 $1 $16 cxb5 37. Rxc8+ Rxc8 38. Nd6) 36... Rcb8 $2 {[%mdl 8192]} (36... Rd8 $11) 37. a4 $18 Nc3 $2 (37... Nd6 38. Bd3 Rd8) 38. Rxc3 ({Not} 38. Bxc3 Bxc5 39. bxc5 Rxa6 $16) 38... Rxb4 {Precision: White = 48%, Black = 22%.} 1-0

[Event "15th Deltalift Open 2018"]
[Site "Halmstad"]
[Date "2018.05.12"]
[Round "7"]
[White "Silseth, Simon"]
[Black "Jepson, Christian"]
[Result "1/2-1/2"]
[WhiteElo "2239"]
[BlackElo "2415"]
[Annotator "TA"]
[PlyCount "96"]
[EventDate "2018.??.??"]
[EventType "swiss"]
[EventCountry "SWE"]
[SourceTitle "playchess.com"]
[Source "ChessBase"]
[SourceQuality "1"]

{[%evp 14,96,0,-6,-5,-5,20,20,20,20,24,22,32,23,37,18,18,18,11,14,4,14,19,0,14,0,0,-4,0,0,0,-2,0,-9,-9,-30,-15,-25,-25,-65,-61,-62,-45,-62,-39,-61,0,0,0,0,0,0,0,0,1,0,0,0,0,0,0,0,0,0,0,0,0,0,0,0,0,0,0,0,0,0,0,0,0,0,0,0,0,0,0]} 1. e4 c5 2. Nc3 Nc6 3. g3 g6 4. Bg2 Bg7 5. d3 d6 6. Nge2 e5 7. O-O Nge7 8. Bg5 {LiveBook: 9 Games} f6 {B25: Closed Sicilian: 3 g3, lines without early Be3} (8... O-O 9. Nd5 f6 10. Nxe7+ Nxe7 11. Be3 Be6 12. Qd2 Qc7 13. f4 f5 14. fxe5 dxe5 15. Nc3 Rad8 16. Bg5 {0-1 (60) Certic,B (2381)-Leskur,D (2477) Zlatibor 2006}) 9. Be3 Be6 10. Nd5 O-O 11. c3 Qd7 12. d4 b6 $146 ({Predecessor:} 12... cxd4 13. cxd4 f5 14. Nxe7+ Nxe7 {1-0 (46) Zatloukal,P (2109)-Sojka,A (2131) Czechia 2007}) 13. Qd2 Na5 {[%cal Bc6a5,Ba5b7,Bb7d6][%mdl 32]} 14. b3 (14. Nxe7+ {with more complications.} Qxe7 15. b3 Nb7 16. f4 exd4 17. cxd4 f5 18. Nc3) 14... Nxd5 15. exd5 Bh3 16. dxe5 dxe5 17. Bxh3 Qxh3 18. c4 Nb7 19. f4 Nd6 20. Nc3 Rae8 21. Rae1 e4 22. a4 Qd7 23. a5 f5 24. Qc2 Rb8 25. axb6 axb6 26. Ra1 Bd4 27. Qd2 Qg7 28. Rac1 b5 29. cxb5 Rfc8 ({Black should play} 29... Bxe3+ $15 30. Qxe3 Qd4) 30. Rfd1 $11 {The position is equal.} Nxb5 31. Nxb5 Bxe3+ 32. Qxe3 Rxb5 33. d6 Qf7 34. d7 Rd8 35. Rxc5 Rxd7 36. Rc8+ Kg7 37. Qc3+ Kh6 38. Rxd7 Qxd7 {[%mdl 4096] Endgame KQR-KQR} 39. Rc7 Rxb3 40. Qe5 $1 Qd1+ 41. Kg2 {[#] Qg7+ would kill now.} Qf3+ 42. Kh3 Qh5+ 43. Kg2 {[%csl Gc7][%cal Re5g7]} Qe2+ 44. Kh3 Qg4+ 45. Kg2 Qe2+ 46. Kh3 {[#] White wants to mate with Qg7+.} Rxg3+ $1 {[%mdl 512]} 47. hxg3 {Intending Qg7+ and mate.} Qf1+ 48. Kh2 Qf2+ {Precision: White = 65%, Black = 64%.} 1/2-1/2

[Event "15th Deltalift Open 2018"]
[Site "Halmstad"]
[Date "2018.05.12"]
[Round "7"]
[White "Linusson, Pelle"]
[Black "Lokander, Martin"]
[Result "1/2-1/2"]
[WhiteElo "2211"]
[BlackElo "2386"]
[Annotator "TA"]
[PlyCount "87"]
[EventDate "2018.??.??"]
[EventType "swiss"]
[EventCountry "SWE"]
[SourceTitle "playchess.com"]
[Source "ChessBase"]
[SourceQuality "1"]

{[%evp 9,87,32,41,25,24,25,34,34,30,36,28,29,33,25,34,25,32,37,59,-4,18,24,34,0,40,0,0,0,0,0,0,0,0,0,0,-4,22,6,40,32,50,50,49,50,75,20,20,20,41,39,63,4,4,5,4,0,0,0,0,0,0,0,0,0,0,0,0,0,0,0,0,0,0,0,0,0,0,0,0,0]} 1. Nf3 d5 2. c4 dxc4 3. e3 Be6 4. Ng5 Bd7 $146 ({Predecessor:} 4... Bd5 5. e4 Bc6 6. Bxc4 e6 7. d3 Be7 8. Nf3 Nf6 9. Nc3 O-O 10. O-O a6 11. a4 b6 {0-1 (50) Agrest,E (2596)-Rabiega,R (2503) Berlin 2015}) 5. Bxc4 e6 $1 6. Nf3 {A09: Réti Opening: 1 Nf3 d5 2 c4} ({Don't play} 6. Qh5 g6 $15) 6... c5 7. Qe2 Nc6 8. d4 {White is slightly better.} cxd4 9. exd4 Be7 10. O-O Nf6 11. Nc3 O-O 12. Rd1 Re8 13. Ne5 a6 14. Qf3 (14. a3 $14) 14... Rc8 15. Bb3 Qc7 16. Bg5 (16. Bf4 $5 {[%cal Re5f7]} Bd6 17. Nxd7 Nxd7 18. Bxd6 Qxd6 19. Ne4 $16) 16... Rcd8 (16... Nxe5 {seems wilder.} 17. dxe5 Bc6 18. Qg3 Ne4 19. Nxe4 Bxe4 20. Rac1 Bc6) 17. Bxf6 (17. Qf4 {feels hotter.} Qd6 18. Rac1 Rf8 19. Bc2 Nd5 20. Bxe7 Ncxe7 21. Qh4) 17... Bxf6 18. Nxc6 Bxc6 19. d5 exd5 20. Nxd5 Bxd5 21. Bxd5 Rd7 22. g3 Rde7 23. Rd2 Qa5 24. Rad1 Re1+ 25. Kg2 {Black must now prevent Rxe1.} Rxd1 26. Rxd1 b5 27. Bb3 (27. Rc1 $16) 27... Qc7 $11 28. Rd2 h6 29. Rc2 Qe5 30. Qd5 ({White should try} 30. Rc6 $14) 30... Qxd5+ {The position is equal.} 31. Bxd5 {[%mdl 4096] Endgame KRB-KRB} Rd8 32. Be4 g6 33. b3 a5 34. a4 Rd4 35. Bc6 bxa4 36. bxa4 h5 37. h4 Be7 38. Bb5 Bd6 39. Kf3 Kg7 40. Kg2 Be5 41. Kf3 Bd6 42. Kg2 Be5 43. Kf3 Bd6 44. Kg2 {Precision: White = 61%, Black = 53%.} 1/2-1/2

[Event "15th Deltalift Open 2018"]
[Site "Halmstad"]
[Date "2018.05.12"]
[Round "7"]
[White "Wahlstrom, Lennart"]
[Black "Berggren Torell, Harald"]
[Result "1/2-1/2"]
[WhiteElo "2200"]
[BlackElo "2114"]
[Annotator "TA"]
[PlyCount "127"]
[EventDate "2018.??.??"]
[EventType "swiss"]
[EventCountry "SWE"]
[SourceTitle "playchess.com"]
[Source "ChessBase"]
[SourceQuality "1"]

{[%evp 17,127,30,32,-7,42,31,31,35,34,-2,10,12,59,9,7,-6,48,53,50,48,57,47,45,27,27,31,22,22,27,27,25,-11,30,33,32,37,65,39,104,93,95,29,57,22,24,21,34,29,47,0,42,12,60,26,112,102,118,0,0,0,0,0,8,0,71,22,20,0,58,47,45,50,101,73,154,-5,-5,-66,-64,-64,-64,-58,0,0,0,0,0,0,0,0,0,0,6,5,5,5,5,5,5,5,6,6,7,-8,-8,-8,-8,-8,-8,-8,-8,-8]} 1. e4 d6 2. d4 g6 3. Nf3 Bg7 4. Nc3 Nf6 5. Be2 a6 6. O-O Nc6 7. h3 O-O 8. Bf4 {B08: Pirc Defence: Classical System} (8. Be3 b5 9. a3 Bb7 10. e5 Nd7 11. e6 fxe6 12. Ng5 e5 13. Ne6 Qb8 14. dxe5 Ncxe5 15. Nxf8 Qxf8 {1-0 (26) Gajewski,G (2588)-Sutovsky,E (2659) Batumi 2018}) 8... b5 9. e5 Nd7 {[%cal Rd6e5] LiveBook: 3 Games} 10. Re1 {White is slightly better.} b4 {[%cal Rd6e5]} 11. Nd5 Bb7 $146 ({Predecessor:} 11... e6 12. Bg5 f6 13. exf6 Nxf6 14. Nxf6+ Bxf6 15. Bxf6 Qxf6 {1-0 (34) Shakirov,R (2148)-Palachev,P (1987) Kazan 2008}) 12. Bf1 Re8 13. Qd2 (13. Bg3 {feels hotter.} dxe5 14. dxe5 Ndxe5 15. Nxe5 Nxe5 16. Nxb4 Nd7 17. Qd3) 13... Nxd4 14. Qxd4 Nxe5 (14... dxe5 {is more complex.} 15. Qxb4 Bxd5 16. Nxe5 a5 17. Qa3 Nxe5 18. Bxe5 Bxe5 19. Rxe5 e6) 15. Nxe5 ({Much weaker is} 15. Bxe5 $6 dxe5 16. Nxe5 Qxd5 $15) (15. Qd1 {looks sharper.} e6 16. Nxb4 Nxf3+ 17. gxf3 Bxb2 18. Rb1) 15... dxe5 16. Bxe5 Bxe5 (16... c5 $1 $11 17. Qxc5 Qxd5 18. Qxd5 Bxd5) 17. Rxe5 $14 {aiming for Nxe7+!} e6 18. Qxb4 Bxd5 19. c4 Qd6 20. Qxd6 (20. Qc3 {with more complications.} Bb7 21. b4 Rad8 22. a4 Qd4 23. Qxd4 Rxd4 24. g3) 20... cxd6 21. Re3 Bc6 22. b4 {[%cal Bb2b4,Bb4b5][%mdl 32]} d5 23. cxd5 Bxd5 24. Rc3 Reb8 25. a3 a5 26. b5 a4 27. Rc7 Bb3 (27... Kg7 $14) 28. Rac1 Rb6 29. Kh2 (29. f3 $16) 29... Rd8 $11 30. Rc8 (30. Kg3 {is interesting.} Rd2 31. f3 Kg7 32. Ra7 Rb8 33. Rcc7) 30... Rxc8 31. Rxc8+ {[%mdl 4096] Endgame KRB-KRB} Kg7 32. Rc6 Rb8 33. f4 h5 34. Kg3 Kf6 35. Kf2 Rb7 (35... Rd8 $11) 36. Ke3 $16 h4 37. Rc5 (37. Kd4 $1 $16) 37... Bd5 $11 38. Kd4 Rd7 $1 39. Ke3 Rb7 40. Rc8 e5 (40... Rd7 $11) 41. fxe5+ Kxe5 42. Re8+ Be6 (42... Kd6 $11) 43. Ra8 $14 Bb3 44. Be2 g5 {[#]} (44... Rb6 $14) 45. Rg8 $1 $16 Re7 {[#]} ({Black should try} 45... Bd5) 46. Kd3 $2 (46. Bf3 $1 $16) 46... f6 $11 47. Rc8 ({Better is} 47. Rf8 $1 $11) 47... Bd5 $1 $15 {[%cal Rd5g2]} 48. Bf1 $1 f5 49. Kc3 Kd6 ({Black should play} 49... Kf4 $15) 50. Rd8+ $11 {The position is equal.} Kc5 {Strongly threatening ...Re3+.} 51. Rc8+ Kb6 52. Rf8 f4 53. Rf6+ Kc5 54. Rf5 Re3+ 55. Bd3 Kd6 $1 $132 {[%mdl 2048] Black is not keeping still} 56. Kd4 Bxg2 57. Rxg5 Rg3 ({Much worse is} 57... Bxh3 $6 58. Rh5 $16) 58. Rh5 f3 {White must now prevent ...f2.} 59. Rh6+ Ke7 {And now ...f2 would win.} 60. Rxh4 f2 61. Rf4 Rxd3+ 62. Kxd3 f1=Q+ 63. Rxf1 Bxf1+ 64. Kc3 {Precision: White = 53%, Black = 47%.} 1/2-1/2

[Event "15th Deltalift Open 2018"]
[Site "Halmstad"]
[Date "2018.05.12"]
[Round "7"]
[White "Madebrink, Lars"]
[Black "Hobber, Anders"]
[Result "1/2-1/2"]
[WhiteElo "2192"]
[BlackElo "2320"]
[Annotator "TA"]
[PlyCount "64"]
[EventDate "2018.??.??"]
[EventType "swiss"]
[EventCountry "SWE"]
[SourceTitle "playchess.com"]
[Source "ChessBase"]
[SourceQuality "1"]

{[%evp 19,64,7,9,6,0,0,17,4,9,-4,9,16,22,-14,-1,-2,-1,-1,-8,-4,22,0,0,-8,0,-8,-6,-7,-8,-9,-10,-20,-22,-17,0,0,0,-31,0,-49,0,0,0,0,0,0,0]} 1. Nf3 d5 2. d4 Nf6 3. g3 c6 4. Bg2 Bf5 5. O-O e6 6. Nbd2 h6 7. c4 Be7 8. b3 Nbd7 9. Bb2 Ne4 10. Rc1 O-O {LiveBook: 6 Games} 11. Nxe4 {D11: Slav Defence: 3 Nf3 sidelines and 3...Nf6 4 e3 Bg4} (11. Ne1 Ndf6 12. Nb1 Bh7 13. Nd3 Nd7 14. f3 Nd6 15. Re1 Bg5 16. e3 Nf5 17. Qd2 Re8 18. Rcd1 a5 {1-0 (46) Wanyama,H (2265)-El Gindy,E (2469) Kamwokya 2015}) 11... Bxe4 12. Nd2 Bxg2 13. Kxg2 a5 14. e4 $146 ({Predecessor:} 14. a3 a4 15. b4 f5 16. e3 Qe8 17. c5 g5 18. Nb1 h5 {0-1 (39) Horie,T (1823)-Koch,H (2267) ICCF email 2015}) 14... dxe4 15. Nxe4 Nf6 16. Qe2 (16. Nc5 {is interesting.} Qb6 17. Na4 Qa7 18. Qf3 b5 19. Nc5) 16... Nxe4 17. Qxe4 Bf6 18. Bc3 Re8 19. Rfd1 Qb6 20. Rd3 a4 21. b4 Rad8 22. a3 Qa6 23. Bd2 Rd7 24. Bf4 Red8 {[%cal Rd7d4]} 25. Be5 Bxe5 26. Qxe5 b5 27. cxb5 cxb5 28. Rc5 Rd5 29. Rxd5 Qa8 30. Qe4 {The position is equal.} Rxd5 31. Rc3 Qb7 32. Rc5 Qd7 {Precision: White = 55%, Black = 52%.} 1/2-1/2